Broken - Jonah Kagen Lyrics - Statistics

General Stats
  • This quiz has been taken 22 times
  • The average score is 211 of 239
Answer Stats
Answer % Correct
a
100%
and
100%
believe
100%
broken
100%
but
100%
cause
100%
come
100%
do
100%
fine
100%
fire
100%
I
100%
i
100%
if
100%
I'm
100%
i'm
100%
im
100%
me
100%
mind
100%
my
100%
no
100%
out
100%
pull
100%
save
100%
take
100%
tell
100%
that
100%
the
100%
then
100%
things
100%
to
100%
we
100%
when
100%
wouldn't
100%
you
100%
your
100%
afraid
93%
begging
93%
break
93%
did
93%
from
93%
knew
93%
like
93%
see
93%
show
93%
sign
93%
waste
93%
were
93%
young
93%
can
87%
down
87%
higher
87%
hurting
87%
in
87%
lowest
87%
oh
87%
please
87%
so
87%
three
87%
time
87%
two
87%
bring
80%
dont
80%
don't
80%
now
80%
smoke
80%
through
80%
what
80%
you're
80%
ashes
73%
crossed
73%
deserve
73%
easy
73%
for
73%
friends
73%
it
73%
know
73%
not
73%
perfect
73%
with
73%
affection
67%
burn
67%
erase
67%
it's
67%
letter
67%
need
67%
on
67%
quickly
67%
reflection
67%
understand
67%
worth
67%
write
67%
blood
60%
counter
60%
give
60%
hand
60%
lonely
60%
tears
60%
theres
60%
wanna
60%
been
53%
help
53%
i've
53%
long
53%
pages
53%
since
53%
while
53%
beat
47%
felt
47%
say
47%
shattered
47%
strong
47%
loved
40%
weak
40%
smiled
33%
you'll
33%
No matching quizzes found
Score Distribution
Percent of People with Each Score
Percentile by Number Answered
Your Score History
You have not taken this quiz